000 00360nam a2200145Ia 4500
008 150201s2010 xx 000 0 und d
082 _a616.399
_bH10A
100 _aAMIN , SURMERA
245 _aHAEMATOLOGY & CLINICAL PATHOLOGY
250 _a1ST
260 _bVIKAS PUBLICATION
_aNOIDA
_c2010
300 _a1-216
650 _aHAEMATOLOGY
942 _2ddc
_cBK
_02
999 _c1374
_d1374